Mobility management k riešeniu ekologickej problematiky dopravy v mestách a regiónoch

Doprava a sociálne zmeny v spoločnosti. Charta OECD (r.1960 ) vyzývajúca reprezentácie ekonomicky najvyspelejších krajín k podpore trvalo udržateľného ekonomického rastu. Udržateľnosť ekonomického rastu a environmentálne princípy. Mobility management v doprave a jeho nástroje. Mobility management na...

Full description

Saved in:
Bibliographic Details
Main Author: Schmeidler, K.
Format: Book Chapter
Language:Slovak
Subjects:
Tags: Add Tag
No Tags, Be the first to tag this record!

MARC

LEADER 00000naa$a2200000$$$4500
001 0020445
005 20230825085956.2
041 0 |a slo 
044 |a SK 
245 1 0 |a Mobility management k riešeniu ekologickej problematiky dopravy v mestách a regiónoch  |c K. Schmeidler 
520 |a Doprava a sociálne zmeny v spoločnosti. Charta OECD (r.1960 ) vyzývajúca reprezentácie ekonomicky najvyspelejších krajín k podpore trvalo udržateľného ekonomického rastu. Udržateľnosť ekonomického rastu a environmentálne princípy. Mobility management v doprave a jeho nástroje. Mobility management na miestnej a regionálnej úrovni. Ekologické priority mobility managementu. Koncentrácia mobility managementu na užívateľské skupiny. Európske výskumné urbanistické projekty orientované na nemotorizovanú dopravu. 
610 2 0 |a rozvoj trvalo udržateľný 
610 2 0 |a doprava cestná 
610 2 0 |a bezpečnosť dopravy 
610 2 0 |a bezpečnosť environmentálna 
610 2 0 |a urbanizácia 
610 2 0 |a manažment 
100 1 |a Schmeidler, K.